Biblioteca

Ezekiel's oracles against Tyre : (Registro nro. 67191)

Detalles MARC
000 -LÍDER
Campo fijo de descripción fija 01502cam a2200373 i 4500
001 - NÚMERO DE CONTROL
Campo de control 768714001
003 - IDENTIFICADOR DEL NÚMERO DE CONTROL
Campo de control CO-MdFUSB
005 - FECHA Y HORA DE LA ULTIMA TRANSACCIÓN
control field 20220411101527.0
007 - CAMPO FIJO DE DESCRIPCIÓN FIJA--INFORMACIÓN GENERAL
Campo fijo de descripción fija ta
008 - ELEMENTOS DE LONGITUD FIJA -- INFORMACIÓN GENERAL
Campo fijo de descripción fija -- Información general 020610t2002 it b 001 0 eng c
020 ## - NÚMERO INTERNACIONAL NORMALIZADO PARA LIBROS
Número Internacional Normalizado del libro 8876533494
040 ## - FUENTE DE CATALOGACIÓN
Agencia de catalogación original XII
Agencia que realiza la transcripción CO-MdFUSB
Agencia que realiza la modificación OHX
-- C3L
-- PU
-- DLC
Idioma de catalogación spa
Convenciones de la descripción rda
041 ## - CÓDIGO DE IDIOMA
Código de idioma para texto/pista de sonido o título separado eng
082 14 - NÚMERO DE CLASIFICACIÓN DECIMAL DEWEY
Número de clasificación 224.406
Número de la edición del Dewey 23
Clave de autor-Numero de item C823
100 1# - ASIENTO PRINCIPAL--NOMBRE PERSONAL
Nombre personal Corral, Martin Alonso,
Fechas asociadas con el nombre 1961-
Término relacionador autor
245 10 - TÍTULO
Título del Material Ezekiel's oracles against Tyre :
Parte restante del título - Subtitulo historical reality and motivations
Mención de responsabilidad, etc. / Martin Alonso Corral.
264 #1 - PRODUCCIÓN, PUBLICACIÓN, DISTRIBUCIÓN, MANUFACTURA, Y COPYRIGHT
Lugar de producción, publicación, distribución, manufactura Roma, Italia :
Nombre del productor, publicador, distribuidor Editrice Pontificio Istituto biblico,
Fecha de producción, publicación, distribución, manufactura, o copyright [2002]
264 #4 - PRODUCCIÓN, PUBLICACIÓN, DISTRIBUCIÓN, MANUFACTURA, Y COPYRIGHT
Fecha de producción, publicación, distribución, manufactura, o copyright © 2002
300 ## - DESCRIPCIÓN FÍSICA
Extensión 249 páginas ;
Dimensiones 24 cm.
336 ## - TIPO DE CONTENIDO
Fuente rdacontent
Término de tipo de contenido texto
Código de tipo de contenido tdi
337 ## - TIPO DE MEDIO
Fuente rdamedia
Nombre del tipo de medio sin mediación
Código del tipo de medio n
338 ## - TIPO DE SOPORTE
Fuente rdacarrier
Nombre del tipo de soporte volumen
Código Tipo de soporte nc
440 #0 - MENCIÓN DE SERIE /ASIENTO SECUNDARIO-- TITULO
Designación numérica/secuencial del volumen 46
500 ## - NOTA GENERAL
Nota General Originally presented as the author's thesis (doctoral)--New York University, 2000.
504 ## - NOTA DE BIBLIOGRAFÍA, ETC.
Nota de bibliografía, etc Incluye referencias bibliográficas (p. [179]-237) e índices.
505 ## - NOTA DE CONTENIDO
Nota de contenido con formato preestablecido Marco histórico de Ezequiel 26:1-28:19. -- Factores económicos y políticos en la condenación de Tiro por Ezequiel. -- El comentario parcial sobre Ezequiel 26:1-28:19 presta especial atención a las implicaciones históricas y las consideraciones económicas y políticas. -- Resumen y conclusiones.
563 ## - NOTA DE ENCUADERNACIÓN
Nota de encuadernación Rústico
630 07 - TITULO UNIFORME
Título uniforme Biblia.
Nombre de parte o sección de la obra Ezequiel
630 07 - TITULO UNIFORME
Título uniforme Biblia
Subdivisión de materia general Crítica, interpretación, etc.
942 ## - TIPO DE MATERIAL (KOHA)
Tipo de Item KOHA Libros General
945 ## - INFORMACIÓN LOCAL DEL REGISTRO
Catalogador JTF-925
Existencias
Estado de Material Estado de Perdido Forma de Clasificación Estado de Dañado No para Préstamo Colección Biblioteca de Origen Biblioteca Permanente Fecha de Adquisición Área Total de Préstamos Signatura Topográfica Código de Barras Última vez visto Ejemplar/Existencia Fecha de Remplazo Tipo de Material
    Dewey Decimal Classification     Colección General Biblioteca FUSBC Biblioteca FUSBC 14/02/2022 BIBLIA   G 224.406 C823e 21680 25/03/2025 Ej.1 14/02/2022 Libros General

Biblioteca FUSBC | Teléfono: (57+4) 349 88 10 Ext. 141| WhatsApp (+57) 3005338115 
E-mail: biblioteca@unisbc.edu.co | Calle 76 87-14 Robledo Palenque, Medellín, Colombia

Con tecnología Koha